000 01161nam0a22002771 4500
001 rc\2848548
005 20250529204100.0
035 _a(NLR Aleph) 007003956
090 _a5748831
_c5748831
100 _a20110704d1928 |||y0rusy50 ca
101 0 _arus
102 _aRU
105 _aa z |||||
200 1 _aПодсолнечная моль и как от нее избавиться
210 _a[Пенза]
_cБ. и.
_d[1928]
_eПенза
_gтипо-литогр. им. т. Воровского
215 _a3 с.
_cил.
_d27×18 см
225 1 _aПензенская станция защиты растений от вредителей сельского хозяйства (Стазра) при Губземуправлении
_e1928 г. Февраль
_vЛистовка № 2
300 _aБез тит. л. и обл.
300 _aАвтор указан в конце текста - энтомолог СТАЗРА Полников
300 _aНа желтой бумаге
700 1 _aПолников
_bВ.
801 0 _aRU
_bNLR
_gpsbo
801 1 _aRU
_bELAR
_2rusmarc
852 _aNLR
_j35.48.6.358(2)
942 _cBOOK
980 _aNB